Chế độ chính sách và chế độ công tác đối với giáo viên

সংরক্ষণ করুন:
গ্রন্থ-পঞ্জীর বিবরন
বিন্যাস: গ্রন্থ
ভাষা:Vietnamese
প্রকাশিত: H. Giáo dục 1978
বিষয়গুলি:
ট্যাগগুলো: ট্যাগ যুক্ত করুন
কোনো ট্যাগ নেই, প্রথমজন হিসাবে ট্যাগ করুন!
Thư viện lưu trữ: Trung tâm Học liệu Lê Vũ Hùng, Trường Đại học Đồng Tháp
LEADER 00858pam a22002418a 4500
001 00024709
005 20171026081023.0
008 110722s1978 ||||||viesd
041 0 # |a vie 
082 1 4 |a 344.597  |b CH250Đ 
245 0 0 |a Chế độ chính sách và chế độ công tác đối với giáo viên 
260 # # |a H.  |b Giáo dục  |c 1978 
300 # # |a 175tr.  |c 19 cm. 
500 # # |a ĐTTS ghi: Tập luật lệ hiện hành thống nhất cho cả nước 
650 # 4 |a Chế độ chính sách 
650 # 4 |a Việt Nam 
650 # 4 |a Pháp luật 
650 # 4 |a Chế độ công tác 
650 # 4 |a Giáo viên 
852 # # |j KD.0010026 
852 # # |b Kho đọc  |j KD.0010026 
910 0 # |a Ntuyet  |d 22/07/2011 
980 # # |a Trung tâm Học liệu Lê Vũ Hùng, Trường Đại học Đồng Tháp